| 000 | 00922nam a22002057a 4500 | ||
|---|---|---|---|
| 999 |
_c57842 _d57842 |
||
| 003 | Ge_BSU | ||
| 005 | 20210315181353.0 | ||
| 008 | 210315s2020 ge ||||| |||| 00| 0 geo d | ||
| 020 | _a9789941460784 | ||
| 041 | _ageo | ||
| 080 | _a94(479.223-25) გ-61 | ||
| 100 |
_aგოგოლიშვილი, ოთარ _9930 |
||
| 245 |
_aბათუმის ოლქი 1900-1921 წლებში : _bნაწილი 1. 1900-1914 წწ. / _cოთარ გოგოლიშვილი ; რედაქტორი დიმიტრი შველიძე. |
||
| 264 |
_aბათუმი : _b''გამომცემლობა აჭარა'', _c2020. |
||
| 300 |
_a104 გვ. _b21 სმ. |
||
| 504 | _aბიბლიოგრ. გვ. 102-103 | ||
| 653 | _aისტორია | ||
| 700 |
_aშველიძე, დიმიტრი _eრედაქტორი _910454 |
||
| 942 |
_2udc _cBK |
||